| 000 | 00585nam a2200205 a 4500 | ||
|---|---|---|---|
| 001 | BRCA_7030 | ||
| 005 | 20190320205701.0 | ||
| 008 | 291111s1944----nyua######---#000-0#eng-# | ||
| 041 | _aeng | ||
| 044 | _aenk | ||
| 245 | 1 | 0 |
_aArtificial manures, or, the conservation and use of organic matter for soil improvement _cArthur B. Beaumont |
| 260 |
_aNueva York _bOrange Judd _c1944 |
||
| 300 |
_a155 p. _bil. _c20 cm. |
||
| 500 | _aIncluye tabla de ilustraciones y glosario | ||
| 500 | _aI177 | ||
| 650 | 1 | 4 |
_aAbonos _917477 |
| 650 | 1 | 4 |
_aSuelos _917478 |
| 902 | _aGFM | ||
| 942 |
_2lcc _cB |
||
| 999 |
_c6711 _d6711 |
||